| 000 | 01046naa a22003017a 4500 | ||
|---|---|---|---|
| 001 | BR4400078 | ||
| 003 | BR-BrBNA | ||
| 005 | 20240918172817.0 | ||
| 007 | ta | ||
| 008 | 230509b bl.||||| |||| 00| 0 por d | ||
| 040 |
_aBR-BrBNA _bpor _cBiblioteca Nacional de Agricultura |
||
| 041 | _a(Pt) | ||
| 072 |
_aB50; E15 _b/G514 |
||
| 090 | _aB50 BR4400078 | ||
| 100 | 1 | _aSouza, A. de P. | |
| 111 | 1 |
_a9. Congresso Brasileiro de Veterinaria _cFlorianopolis, SC (Brazil) _d7 Sep 1940 |
|
| 245 | 1 | _aExpansao da propriedade rural paulista [Brasil] | |
| 260 | 3 |
_aRio de Janeiro, GB (Brasil): _c1944. |
|
| 500 | _aAnais. 9. Congresso Brasileiro de Geografia Rio de Janeiro, GB (Brasil): 1944. p. 710-713 (BR4400078-AM)B50 | ||
| 650 | _aHistoria | ||
| 650 | _aMicroeconomia | ||
| 650 | _aPropriedade rural | ||
| 650 | _aFazenda | ||
| 650 | _aSao Paulo | ||
| 773 | 0 |
_tAnais. 9. Congresso Brasileiro de Geografia _b _wB50 BR4400078 _gRio de Janeiro, GB (Brasil), 1944. p. 710-713 |
|
| 909 |
_a202404 _bLucia _c55 _dLucia Elande |
||
| 942 |
_cAM _2AGRIS |
||
| 999 |
_c301547 _d301547 |
||